| 000 | 00626nam a2200217 4500 | ||
|---|---|---|---|
| 003 | OSt | ||
| 005 | 20160229170659.0 | ||
| 008 | 160229b xxu||||| |||| 00| 0 eng d | ||
| 020 | _a0333491645 | ||
| 040 | _c040a | ||
| 082 |
_a301 _bSAV 1993 |
||
| 100 |
_aSavage, Mike _96876 |
||
| 245 |
_aUrban sociology, capitalism and modernity / _cMike Savage, Alan Warde |
||
| 260 |
_aLondon _bMacmillan press _c1993 |
||
| 300 |
_aviii, 221p; _bill : _c10 cm. |
||
| 504 | _aincludes index and bibliographical references | ||
| 650 |
_aSociology _92259 |
||
| 650 |
_aCapitalism _95488 |
||
| 700 |
_aWarde, Alan _96877 |
||
| 942 |
_2ddc _cSLOAN |
||
| 999 |
_c3100 _d3100 |
||